Statistics for June 14th: Birthdays

Click here to take the quiz!

General Stats

  • This quiz has been taken 11 times
  • The average score is 2 of 7

Answer Stats

YearClueAnswer% Correct
1946US PresidentDonald Trump
100%
1961Part of band Culture ClubBoy George
45%
1811Author of Uncle Tom's CabinHarriet Stowe
45%
1969Won 1988 Golden SlamSteffi Graf
27%
1950104th Archbishop of CanterburyRowan Williams
9%
1928Minister of Industries of CubaChe Guevara
0%
1955Character from Mr. DestinyLarry Burrows
0%

Score Distribution

Percentile by Number Answered

Percent of People with Each Score

Your Score History

You have not taken this quiz